000 00281nam a2200121 i 4500
001 bg
245 0 _aŻarostrojkie beton i żelezobeton w stroitelstwie.
260 _aMoskva,
_c1966.
040 _cBPK
041 _apol
942 _cKS
008 s pl f |000 0 pol
999 _c12489
_d12489
856 _uhttp://koha.tu.koszalin.pl/cgi-bin/koha/opac-detail.pl?biblionumber=12489
_yKatalog online BPK